<?xml version="1.0" encoding="UTF-8"?>
<record
    xmlns:xsi="http://www.w3.org/2001/XMLSchema-instance"
    xsi:schemaLocation="http://www.loc.gov/MARC21/slim http://www.loc.gov/standards/marcxml/schema/MARC21slim.xsd"
    xmlns="http://www.loc.gov/MARC21/slim">

  <leader>03015cam a22002775a 4500</leader>
  <controlfield tag="001">18264851</controlfield>
  <controlfield tag="005">20160112112744.0</controlfield>
  <controlfield tag="008">140812s2015    enka   frb    001 0 eng d</controlfield>
  <datafield tag="020" ind1=" " ind2=" ">
    <subfield code="a">9780128007655 (hardback)</subfield>
  </datafield>
  <datafield tag="040" ind1=" " ind2=" ">
    <subfield code="a">DLC</subfield>
    <subfield code="b">eng</subfield>
    <subfield code="c">DLC</subfield>
    <subfield code="d">DLC</subfield>
    <subfield code="d">EG-ScBUE</subfield>
  </datafield>
  <datafield tag="082" ind1="0" ind2="4">
    <subfield code="a">669</subfield>
    <subfield code="2">22</subfield>
    <subfield code="b">CHE</subfield>
  </datafield>
  <datafield tag="100" ind1="1" ind2=" ">
    <subfield code="a">Chen, J.-H.</subfield>
    <subfield code="q">(Jyh-Hong)</subfield>
    <subfield code="9">39023</subfield>
  </datafield>
  <datafield tag="245" ind1="1" ind2="0">
    <subfield code="a">Micromechanism of cleavage fracture of metals :</subfield>
    <subfield code="b">a comprehensive microphysical model for cleavage cracking in metals /</subfield>
    <subfield code="c">by J. H. Chen, R. Cao,</subfield>
  </datafield>
  <datafield tag="250" ind1=" " ind2=" ">
    <subfield code="a">1st ed.</subfield>
  </datafield>
  <datafield tag="260" ind1=" " ind2=" ">
    <subfield code="a">Oxford ;</subfield>
    <subfield code="a">Waltham :</subfield>
    <subfield code="b">Butterworth-Heinemann / Elsevier,</subfield>
    <subfield code="c">2015.</subfield>
  </datafield>
  <datafield tag="300" ind1=" " ind2=" ">
    <subfield code="a">xix, 467 p. :</subfield>
    <subfield code="b">ill. ;</subfield>
    <subfield code="c">25 cm.</subfield>
  </datafield>
  <datafield tag="500" ind1=" " ind2=" ">
    <subfield code="a">Index : p. 449-467.</subfield>
  </datafield>
  <datafield tag="504" ind1=" " ind2=" ">
    <subfield code="a">Includes bibliographical references.</subfield>
  </datafield>
  <datafield tag="505" ind1="8" ind2=" ">
    <subfield code="a">Machine generated contents note: Preface Chapter 1 Introduction Chapter 2 Methodology Chapter 3 Microphysical Processes of Cleavage Fracture of Steels Chapter 4 Critical Event for Cleavage Fracture Chapter 5 Criteria for Cleavage Fracture Chapter 6 Effects of Material Microstructure on Cleavage Fracture Chapter 7 Global Fracture Toughness Related to the Micromechanism of Cleavage Fracture Chapter 8 Special Case Studies Chapter 9 Brittle Fracture of TiAl Alloys and NiTi Memory Alloys Nomenclature Index.</subfield>
  </datafield>
  <datafield tag="520" ind1=" " ind2=" ">
    <subfield code="a">"Cleavage fracture needs to be described by a comprehensive microphysical model, i.e. to be systematically expounded by the micromechanism. Cleavage fracture is a most dangerous form of fracture, which causes innumerable catastrophic failures of structures and raises casualties resulting in property and human life losses. However with the flourishing development of new structural and functional materials the attentions on the fracture of traditional structural metals have been moved away, despite the fact that tragic accidents of catastrophic failure still happen from time to time. Nowadays, in the field of fracture mechanics rather more interest has been shown in the reproducible measurement of parameters which can be used in engineering design and rather less in the micromechanics of cracking, whether for cleavage or for other brittle fracture types (Thompson, 1993). Although many excellent texts and reference books on the topics of mechanism of fracture have been published such as the splendid one 'Fundamentals of Fracture Mechanics' by K. F. Knott (Knott, 1973), all these documents were exceptional reference sources at the time of their publication and remain to today. However no monographic book on a topic devoted specially on the micromechanism (microphysical model) of cleavage fracture has been published. Moreover, even though since the eighties of the last century considerable contributions have been made in the field concerning cleavage fracture, there is not yet an integrated theoretical system to elucidate its micromechanism"--</subfield>
  </datafield>
  <datafield tag="650" ind1=" " ind2="7">
    <subfield code="a">Metals</subfield>
    <subfield code="x">Cracking.</subfield>
    <subfield code="2">BUEsh</subfield>
    <subfield code="9">39024</subfield>
  </datafield>
  <datafield tag="650" ind1=" " ind2="7">
    <subfield code="a">Metals</subfield>
    <subfield code="x">Microstructure.</subfield>
    <subfield code="2">BUEsh</subfield>
    <subfield code="9">39025</subfield>
  </datafield>
  <datafield tag="653" ind1=" " ind2=" ">
    <subfield code="b">ENGGEN</subfield>
    <subfield code="c">August2015</subfield>
    <subfield code="c">January2016</subfield>
  </datafield>
  <datafield tag="700" ind1="1" ind2=" ">
    <subfield code="a">Cao, R.</subfield>
  </datafield>
  <datafield tag="942" ind1=" " ind2=" ">
    <subfield code="2">ddc</subfield>
  </datafield>
  <datafield tag="999" ind1=" " ind2=" ">
    <subfield code="c">20449</subfield>
    <subfield code="d">20421</subfield>
  </datafield>
  <datafield tag="952" ind1=" " ind2=" ">
    <subfield code="0">0</subfield>
    <subfield code="1">0</subfield>
    <subfield code="2">ddc</subfield>
    <subfield code="4">0</subfield>
    <subfield code="7">0</subfield>
    <subfield code="8">Baccah</subfield>
    <subfield code="a">MAIN</subfield>
    <subfield code="b">MAIN</subfield>
    <subfield code="c">1ST</subfield>
    <subfield code="d">2015-08-04</subfield>
    <subfield code="e">Purchase</subfield>
    <subfield code="g">1600.00</subfield>
    <subfield code="h">21761</subfield>
    <subfield code="l">0</subfield>
    <subfield code="o">669 CHE</subfield>
    <subfield code="p">000038984</subfield>
    <subfield code="r">2025-07-15 00:00:00</subfield>
    <subfield code="v">2000.00</subfield>
    <subfield code="y">BB</subfield>
  </datafield>
</record>
